Feynmanovy přednášky z fyziky 3 revidované vydání s řešenými příklady

Salvato in:
Dettagli Bibliografici
Autori principali: Feynman, Richard P. (Richard Phillips), 1918-1988, Leighton, Robert B., 1919-1997 (Autore), Sands, Matthew (Autore)
Altri autori: Štoll, Ivan, 1935- (Traduttore)
Natura: Libro
Lingua:ceco
inglese
Pubblicazione: Praha Fragment 2018
Edizione:2. vyd.
Soggetti:
Accesso online:Visualizza in OPAC
Tags: Aggiungi Tag
Nessun Tag, puoi essere il primo ad aggiungerne!!

MARC

LEADER 00000nam a2200000 a 4500
005 20260127133955.0
008 151130s2018 xr f 001 0 cze d
020 |a 9788025316443 
035 |a vtls011425061 
039 9 |a 201810181115  |b msvkbb08  |c 201607251419  |d AUTHORITY  |c 201512111236  |d msnk115  |y 201511301016  |z mschk03 
040 |a STUSCHK1  |b slo  |c STUSCHK1  |e AACR2 
041 1 |a cze  |h eng 
044 |a xr  |c CZ 
072 7 |a 53  |x Fyzika  |2 konspekt 
080 |a 53  |2 2001 
080 |a (042.3)  |2 2001 
100 1 |a Feynman, Richard P.  |q (Richard Phillips),  |d 1918-1988  |9 24 
240 1 0 |a Lectures on physics  |l Česky 
245 1 0 |a Feynmanovy přednášky z fyziky 3  |b revidované vydání s řešenými příklady  |c Feynman, Leighton, Sands ; [z anglického originálu ... přeložil Ivan Štoll] 
250 |a 2. vyd. 
260 |a Praha  |b Fragment  |c 2018 
300 |a xii, 732 s.  |b ilustrácie  |c 25 cm 
504 |a Registre 
650 0 7 |a fyzika  |2 SNKPH 
650 0 7 |a fyzika  |x úlohy  |2 SNKPH 
655 7 |a prednášky  |2 SNKPH 
700 1 |a Leighton, Robert B.,  |d 1919-1997  |7 xx0010475  |4 aut 
700 1 |a Sands, Matthew  |4 aut 
700 1 |a Štoll, Ivan,  |d 1935-  |4 trl  |9 1081 
910 |a SCHK95 
919 |a 978-80-253-1644-3 
999 |c 1231  |d 1231